Personnes les plus connues par pays - Statistiques

Statistiques générales
  • Ce quiz a été pris 339 fois
  • Le résultat moyen est 5 sur 10
Statistiques - réponses
Pays Personne la plus connue % Correct
Afrique du Sud Nelson Mandela
84%
Inde Mahatma Gandhi
67%
Cuba Fidel Castro
64%
Chine Mao Zedong
61%
Autriche Adolf Hitler
56%
Italie Léonard de Vinci
45%
Royaume-Uni Winston Churchill
34%
Espagne Pablo Picasso
33%
Géorgie Joseph Staline
23%
Tanzanie Freddie Mercury
8%
Aucun quiz correspondant
Distribution des résultats
% des personnes avec chaque résultat
Percentile par nombre de réponses
Votre historique - résultats
Vous n’avez pas pris ce quiz